Language Quiz

Random Language or German Quiz

Fruits and Vegetables in 4 Languages Quiz Stats

 Plays Quiz Updated Aug 3, 2017

Support Sporcle.
Go Orange.
Score 0/64 Timer 12:00
0 Plays Today
% Correct
die Orange
80.2%
der Apfel
80.1%
die Banane
80%
der Brokkoli
79.8%
die Karotte
79.8%
l'orange
79.2%
das Radieschen
77.7%
le brocoli
76.5%
el limón
76.2%
l'oignon
76.2%
le chou-fleur
75.9%
il broccolo
75.7%
el brócoli
74.7%
il limone
74.7%
die Zucchini
74.6%
le radis
74.4%
die Zitrone
74%
le citron
73.9%
il cavolfiore
71.8%
die Aubergine
71.5%
l'aubergine
71.3%
la pomme
70.9%
la banane
69.5%
la pêche
69.2%
la carotte
68.5%
la fraise
68.2%
la naranja
68.2%
le pois
65.5%
la prune
63.2%
die Kirsche
63%
der Blumenkohl
60.3%
die Pflaume
60.2%
% Correct
el plátano
59.8%
la cerise
59.6%
el rábano
58.3%
la prugna
56.3%
il ravanello
55.2%
la courgette
54.7%
la fresa
53.4%
la fragola
53%
la zucchina
52.4%
la carota
52.3%
der Pfirsich
52.1%
la coliflor
51.3%
la manzana
51.2%
die Erdbeere
51%
l'arancia
50.7%
il pisello
49.5%
la cebolla
48.8%
die Zwiebel
47.6%
la cipolla
47.2%
la cereza
47%
la banana
46%
die Erbse
44.6%
la pesca
41.9%
la ciliegia
40%
el melocotón
37%
la mela
36.4%
el guisante
34.2%
la zanahoria
33.5%
la berenjena
33%
el calabacín
30.7%
la ciruela
20.5%
la melanzana
20.4%

From the Vault

The Office: Over 100 Episodes

by BoggelTeam

""You miss 100% of the shots you don't take" - Wayne Gretzky" - Michael Scott
Remove Ads.
Support Sporcle.
Get the best of Sporcle when you Go Orange. This ad-free experience offers more features, more stats, and more fun while also helping to support Sporcle. Thank you for becoming a member.

Show Comments

Extras

Top Quizzes Today


Score Distribution

Your Account Isn't Verified!

In order to create a playlist on Sporcle, you need to verify the email address you used during registration. Go to your Sporcle Settings to finish the process.

Report this User

Report this user for behavior that violates our Community Guidelines.

Details: